Duggar Family Quiz Stats

 Plays Quiz Retired Jul 7, 2021

     
Support Sporcle.
Go Orange.
Score 0/19 Timer 05:00
0 Plays Today
Year Born Name % Correct
1988Joshua
78.6%
2007Jennifer
74.2%
1993Jinger
74.1%
2001James
73.4%
1998Jeremiah
70.4%
1992Jessa
70%
1991Jill
68.6%
1990John-David
68%
1998Jedidiah
66.9%
1990Jana
65.2%
Year Born Name % Correct
1996Josiah
64.7%
1997Joy-Anna
64.5%
1995Joseph
63.3%
2004Jackson
63.1%
2005Johannah
56.8%
2000Jason
56.8%
2002Justin
56.5%
2008Jordyn-Grace
55.3%
2009Josie Brooklyn
53.5%

From the Vault

MLB: Literally

by WillieG

Sports 5m
We'd love to see these literal teams play against each other.
Remove Ads.
Support Sporcle.
Get the best of Sporcle when you Go Orange. This ad-free experience offers more features, more stats, and more fun while also helping to support Sporcle. Thank you for becoming a member.

Show Comments

Extras

Top Quizzes Today


Score Distribution

Your Account Isn't Verified!

In order to create a playlist on Sporcle, you need to verify the email address you used during registration. Go to your Sporcle Settings to finish the process.

Report this User

Report this user for behavior that violates our Community Guidelines.

Details: